|
|
|
|
| LEADER |
01131nam a22002777a 4500 |
| 001 |
16683 |
| 003 |
BD-DhAAL |
| 005 |
20250506094256.0 |
| 008 |
250505t2006 enka|||| b||| 001 0 eng d |
| 020 |
|
|
|a 9780195473636
|
| 040 |
|
|
|a BD-DhAAL
|c BD-DhAAL
|
| 082 |
|
|
|a 330.954
|2 23
|
| 245 |
|
|
|a Human development in South Asia 2005 :
|b human security in South Asia.
|
| 260 |
|
|
|a Oxford :
|b Published for the Mahbub ul Haq Human Development Centre [by] Oxford University Press,
|c 2006.
|
| 300 |
|
|
|a xii, 218 pages :
|b illustrations ;
|c 28 cm
|
| 500 |
|
|
|a First published.
|
| 504 |
|
|
|a Includes bibliographical references and index.
|
| 541 |
|
|
|a Universsity Press Limited
|e 16683
|
| 650 |
|
|
|a Peace-building
|z South Asia.
|9 47892
|
| 651 |
|
|
|a South Asia
|x Economic conditions.
|
| 651 |
|
|
|a South Asia
|x Social conditions.
|
| 710 |
|
|
|a Mahbub ul Haq Human Development Centre.
|9 3445
|
| 852 |
|
|
|a Ayesha Abed Library
|
| 942 |
|
|
|2 ddc
|c BK
|
| 999 |
|
|
|c 47301
|d 47301
|
| 952 |
|
|
|0 0
|1 0
|2 ddc
|4 0
|6 330_954000000000000_HUM
|7 0
|9 77698
|a BIGD
|b BIGD
|d 2025-05-05
|e Universsity Press Limited
|l 0
|o 330.954 HUM
|p 3050016683
|r 2025-05-05
|t 1
|w 2025-05-05
|y BK
|x Rs 450.00
|